000
00323nam a22001457a 4500
008
210427b ||||| |||| 00| 0 eng d
020
_a
3486550306
041
_a
eng
080
_a
030
082
_a
030
100
_a
23
101
_a
ENC
245
_a
Die Stadt in der Fruhen Neuzeit
_c
Heinz Schilling
942
_2
udc
_c
BK
999
_c
56816
_d
56816